| 000 | 00389nam a22001337a 4500 | ||
|---|---|---|---|
| 020 | _a9780262522656 | ||
| 082 |
_a382 _bBHA |
||
| 100 | _aBhagwati, Jagdish | ||
| 245 |
_aA Stream of Windows: _bUnsettling Reflections on Trade, Immigration, and Democracy / _cJagdish Bhagwati |
||
| 260 |
_aCambridge: _bThe MIT Press, _c1998. |
||
| 300 | _a531 p. | ||
| 563 | _aPB. | ||
| 942 |
_2ddc _cBK |
||
| 999 |
_c614397 _d614397 |
||